Handbook of hydraulics : for the solution of hydraulic problems

Na minha lista:
Detalhes bibliográficos
Autor principal: King, Horace Williams, 1874-1951
Outros Autores: Brater, Ernest Frederick, 1912
Formato: Livro
Idioma:English
Publicado em: New York, New York : McGraw-Hill, 1954
Edição:4th ed.
Assuntos:
Tags: Adicionar Tag
Sem tags, seja o primeiro a adicionar uma tag!

MARC

LEADER 00000nam a2200000Ia 4500
003 003322
005 20221231143957.0
008 140114s1954 nyua 000 ||eng d
040 |c cru CEDI 
082 |a 621.2 K52h 
100 |a  King, Horace Williams, 1874-1951  |9 21689 
245 |a Handbook of hydraulics : for the solution of hydraulic problems 
250 |a 4th ed. 
260 |a  New York, New York : McGraw-Hill,   |c 1954 
300 |a  1 v. ilustraciones . 20 cm. 
650 |x HIDRAULICA  |9 21692 
700 |9 21691  |a Brater, Ernest Frederick, 1912 
942 |2 ddc  |c BK 
999 |c 15070  |d 15070